000 00697nam a22002057a 4500
999 _c15973
_d15973
003 AR-CdUCM
008 190430b ||||| |||| 00| 0 spa d
040 _aMUNICIPALIDAD PROVINCIAL DEL CUSCO
_cBIBLIOTECA MUNICIPAL DEL CUSCO
082 _a869.26 /
_bA68
100 _aArenaza, Luis
_935234
245 _aLampara ciega /
260 _aBuenos Aires :
_bPeriplo,
_c1963.
300 _a83 páginas ;
_bIlustraciones,
_c20 cm.
505 _aContenido: Ciego jinete rojo -- Luna sobre las dunas -- Viaje -- Me responde el silencio -- Sobre la calle larga...
650 _aPoesía
_9139
650 _aSoledad
_917986
650 _aCirculo
_913412
942 _2ddc
_cLIBROS
945 _adavv
_d30/04/2019